000 00276nam a2200121 a 4500
005 20141022142006.0
008 080925s19uu xx 00 eng d
050 _aVCD
_bW52 2001
245 _aWest side story.
650 _aVCD.
650 _aWest side story.
942 _cAVM
999 _c276510
_d276510